| 000 | 00520nam a22001457a 4500 | ||
|---|---|---|---|
| 008 | 230602b |||||||| |||| 00| 0 eng d | ||
| 020 | _a92-4-156085-1 | ||
| 040 |
_aNational Science Library _cNational Science Library |
||
| 080 |
_a616(213)(047) _bM5 |
||
| 245 |
_aTropical disease research _c/ Seventh programme report 1 January, 1983 - 31 December, 1984 UNDP......................tropical disease |
||
| 260 |
_aGeneva: _bWorld Health Organization, _c1985 |
||
| 300 | _a14/10p. | ||
| 650 | _aReport | ||
| 942 |
_2udc _cREP |
||
| 999 |
_c38774 _d38774 |
||